| 000 | 00794nam a22001935i 4500 | ||
|---|---|---|---|
| 001 | 54356 | ||
| 003 | ES-MaACL | ||
| 005 | 20240426103823.0 | ||
| 007 | t| | ||
| 008 | 960718s1896 po ||||1| por d | ||
| 040 |
_aCAM _bspa _cCAM |
||
| 100 | 1 |
_aFonseca, Martinho Augusto da. _951525 |
|
| 245 | 1 | 0 |
_aSubsidios para um diccionario de pseudonymos iniciales e obras anonymas de escritores portuguezes _b: contribuicao para o estudio da litteratura portugueza / _cpor Martinho Augusto da Fonseca; com poucas palavras sevindo de prologo pelo academico Theophilo Braga. |
| 260 |
_aLisboa : _bTypographia da Academia Real das Sciencias, _c1896. |
||
| 300 |
_aXII, 298, [1] p. ; _c22 cm. |
||
| 700 | 1 |
_aBraga, Teófilo, _d1843-1924 _931276 |
|
| 852 |
_aES-MaACL _jB-3585 |
||
| 999 |
_c54356 _d54356 |
||